000 00466nam a22001812 4500
001 0000002445
005 20170406114230.0
008 140312s xx 000 0 eng d
020 _a9780538874175 :
_c$
040 _aYour Holding Symbol
_cYour Holding Symbol
100 1 _aWanlas,John.
245 1 0 _aAccounting.
250 _a ed.
260 _aOhio :
_bI.T.P,
_c1999.
300 _a600 p. ;
_c cm.
650 0 _aAccounting.
908 _a140312
999 _c2335
_d2335